000 00384nam a2200145Ia 4500
003 GCL
008 140319s9999 xx 000 0 ara d
040 _aGCL /
_cGCL
082 0 4 _a811.1
_bا ش
100 1 _aالسيد احمد صقر
245 1 0 _aشرح ديوان علقمة الفحل /
_cالسيد احمد صقر
700 1 _aزكى مبارك
300 _a79 ص
490 _a
999 _c47535
_d47535